Visualizzazione normale
Vista MARC
- Christian Charlie
di Personal Name
Records bibliografici associati: 1
001 - CONTROL NUMBER
- control field: 21904
003 - CONTROL NUMBER IDENTIFIER
- control field: IT-RoPau
005 - DATE AND TIME OF LATEST TRANSACTION
- control field: 20140424114006.0
008 - FIXED-LENGTH DATA ELEMENTS
- fixed length control field: 140424|| aca||aabn | a|a d
040 ## - CATALOGING SOURCE
- Original cataloging agency: IT-RoPau
- Transcribing agency: IT-RoPau
100 ## - HEADING--PERSONAL NAME
- Personal name: Christian Charlie
- Miscellaneous information: Codice autore SPICS: 16213
- Relator term: Autore
- Name of part/section of a work: Seven Come Eleven - Solo Flight
670 ## - SOURCE DATA FOUND
- Source citation: Work cat.: (IT-RoPau)100360: AA.VV. 794, Jazz. Gli uomini, gli strumenti, gli stili 78